000 02216nam a2200421 i 4500
003 peliumch
005 20260202172324.0
007 ta
008 260202t2024 pe ||||gr|||| 00| 0 spa d
020 _a9786125074171
040 _aUMCH
_bspa
_cUMCH
_djmr
_erda
041 0 _aspa
043 _as-pe---
082 0 4 _a869.56/Y38L
100 1 _aYauri Montero, Marcos,
_d1930-
245 _aLaberintos de la memoria :
_breinterpretación de relatos orales y mitos andinos /
_cMarcos Yauri Montero.
250 _aSegunda edición.
264 1 _aLima :
_bALDO Editores Importadores :
_c2024
264 4 _c©2024
300 _a279 páginas ;
_c21 cm.
490 0 _a(Arte, cultura y sociedad)
500 _aEl escritor pertenece a la: Generación del 60.
504 _aBibliografía : páginas 261-276
505 0 _gCapítulo I:
_tIntroducción--
_gCapítulo II:
_tAculturación y mitología--
_gCapítulo III:
_tCarencia y mitología--
_gCapítulo IV:
_tLa crisis: tiempo de dolor, miseria, crimen, enfermedad y muerte--
_gCapítulo V:
_tReinterpretación de la historia--
_gCapítulo VI:
_tMitología de la resistencia--
_gCapítulo VII:
_tUn héroe cultural: el zorzal.
520 _a "Conjunto de ensayos cuya preocupación esencial es la interpretación de algunos mitos y otros relatos orales producidos en el Perú antes y después de la invasión española. En sus páginas fluye una constante preocupación por el uso de nuevos conceptos, categorías, instrumentos y modelos de análisis, asimilados creativamente de la filosofía, del psicoanálisis, de la historia, de la arqueología, de la etnohistoria, y de otras ciencias, que le permiten al autor transitar en sus análisis por caminos nuevos o todavía poco conocidos en el estudio de los mitos y relatos orales andinos".
521 _aRecomendado para un público general.
650 1 4 _aLiteratura peruana
650 2 4 _aEnsayos peruanos
650 2 4 _aLiteratura oral
650 2 4 _aMitos
650 2 4 _aInterpretación
650 2 4 _aPedagógico San Marcos (Lima)
942 _2ddc
_cLIB
_n0
999 _c53600
_d53600